000 00528nam a2200145 a 4500
008 120416s1977 ||||||||||||||||| || u
050 _aHF 5415 Ros
100 _aRosenberg, Larry J
245 1 0 _aMarketing
260 _aEnglowood Cliffs, N.J.
_bFT Prentice-Hall
_c1977
300 _axvi, 684p : ill.
350 _a0.00
650 0 _aMARKETING--MANAGEMENT--CASE STUDIES
995 _D0.00
_FCBU-MAIN LIBRARY (Kitwe)
_H1
_I0.00
_M1
_UAVAILABLE
_ZMain Library Open Access Collection
999 _c50389
_d50389